| 000 | 00600nam a2200181Ia 4500 | ||
|---|---|---|---|
| 008 | 090122s9999 xx 000 0 und d | ||
| 082 | _b12159 | ||
| 100 |
_aहरकारे _bअरूण |
||
| 245 | _aकल्पनेचा खेळ | ||
| 260 |
_bनंदादीप बुक सव्हिसेस् _c2007 |
||
| 300 | _a232 | ||
| 501 | _aललित वितरण / बि. नं. 209-21.9.07 | ||
| 600 | _aहरकारे | ||
| 630 | _aकल्पनेचा खेळ | ||
| 700 | _aहरकारे | ||
| 730 | _aकल्पनेचा खेळ | ||
| 942 | _cBOOK | ||
| 999 |
_c36236 _d36236 |
||